00414nam a2200181Ia 4500008004100000020001400041245002500055245001500080245001800095260001500113260001600128260000900144300001600153300002500169300001000194500000900204999001900213170705s9999 xx 000 0 und d a590223569 aDeath be not proud : ba memoir / cJohn Gunther. aNew York : bScholastic, c1949 a231 pages : bcolor illustration ; c17cm. a1060 c336302d336302